000 00415nam a2200181Ia 4500
001 4157
005 20260306145735.0
008 260306t2017||||xx |||||||||||||| ||spa||
041 _aESP
082 _a307.12
_bR84
100 _aRossi, Aldo
_eAUT
245 0 _aLa arquitectura de la ciudad
260 _c2017
300 _a200 páginas :
_c23 cm.
650 _aGEN
654 _aCAU
942 _cLIB
_dJUS
_fJUS
_2ddc
_n
999 _c4157
_d4157